| 000 | 00576nam a2200241Ia 4500 | ||
|---|---|---|---|
| 005 | 20250425162400.0 | ||
| 008 | 250425s9999 xx 000 0 und d | ||
| 020 | _a9682606497 | ||
| 041 | _aspa | ||
| 082 | _a621.4022 | ||
| 100 | _aHOLMAN, JACK PHILLIP | ||
| 245 | 0 | _aTRANSFERENCIA DE CALOR | |
| 250 | _a1A ED. | ||
| 260 | _aMEXICO | ||
| 260 |
_aMéxico _bCECSA _c1986 |
||
| 300 | _a622 | ||
| 650 | _aCONDUCCION DE CALOR | ||
| 650 | _aCONVECCION | ||
| 650 | _aINTERCAMBIADORES DE CALOR | ||
| 650 | _aTRANSFERENCIA DE CALOR | ||
| 942 | _c01 | ||
| 010 | _a67742 | ||
| 999 |
_c228078 _d228078 |
||